000 00517nam a22001937a 4500
003 KOHA_MİRAKIL
005 20251111115357.0
008 251111b tu ||||| |||| 00| 0 tur d
020 _a9786050962550
040 _aTR-AnABB
_btur
_cTR-AnABB
041 _atur
082 _a813.42
_bCEL 2019
100 1 _aÇelebi, Dilşad,
245 1 0 _aTomris /
_cDilşad Çelebi
260 _aİstanbul :
_bDoğan Kitap,
_c2019
300 _a352 sayfa ;
_c22 cm
650 0 4 _aTürk edebiyatı, roman
942 _2ddc
_cBK
999 _c9343
_d9343
900 _bGizem YORULMAZ